Textos : castellano - català castellano - català
Publicado:
Barcelona :
Diputació de Barcelona. Àrea d'Educació. Centre de Formació d'Adults Can Batlló, [2007]
Descripción Física:
86 p. ; 30 cm
MARC
| LEADER | 00000nam a2200000Ia 4500 | ||
|---|---|---|---|
| 001 | 19316, 20722, 22198 | ||
| 008 | 160829s9999 xx 000 0 cat d | ||
| 080 | |a E-1-284, E-1-307, E-1-362 | ||
| 245 | |a Textos : |b castellano - català | ||
| 260 | |a Barcelona : |b Diputació de Barcelona. Àrea d'Educació. Centre de Formació d'Adults Can Batlló, [2007] | ||
| 300 | |a 86 p. ; |c 30 cm | ||
| 590 | |a Accés als Cicles Formatius de Grau Superior | ||
| 650 | |a Castellà |x Problemes, exercicis, etc. |9 39539 | ||
| 650 | |a Català |x Problemes, exercicis, etc. |9 46153 | ||
| 710 | |a Barcelona (Catalunya : Província). |b Àrea d'Educació |9 8009 | ||
| 710 | 2 | |a Centre de Formació d'Adults Can Batlló |9 55011 | |
| 866 | |a Curs: 2007 - 2008, 2008 - 2009, 2009 - 2010 | ||
| 901 | |a Arxiu | ||
| 942 | |n 1 | ||
| 952 | |0 0 |1 0 |4 0 |6 E1284_E1307_E1362 |7 1 |9 53140 |a Arxiu |b Arxiu |d 2016-12-01 |l 0 |o E-1-284, E-1-307, E-1-362 |p 19316, 20722, 22198 |r 2016-12-01 00:00:00 |w 2016-12-01 |y ARXIU | ||
| 999 | |c 56989 |d 56989 | ||